1158 1883 1814 1864 1206 1379 1736 1152 1132 1377 1770 1455 1103 1945 1279 1687 1439 1868 1144 1416 1723 1212 1458 1706 1572 1594 1292 1607 1711 1562 1833 1429 1819 1525 1027 1314 1737 1208 1892 1786 1998 1806 1429 1686 1964 1130 1497 1067 1856 1277 1534 1634 1117 1465 1757 1473 1630 1043 1692 1199 1978 1451 1889 1789 1111 1628 1658 1916 1104 1785 1631 1614 1537 1320 1388 1884 1849 1841 1854 1482 1697 1611 1372 1130 1906 1336 1173 1798 1609 1940 1637 1363 1158 1223 1833 1979 1815 1884 1114 BCNSPRNW ULIB Ver.6.0+V

เปลี่ยนเป็นภาษาไทย

Change to English
 แสดงรายละเอียดบรรณานุกรม
  กลับหน้าหลัก

Brief Record : Get Marc (ISO 2709) : E-mail record : QR code < ปิดหน้าต่าง
LEADER : 00000nam 2200000uu 4500
001    13399128708
003     ULIB
008    240804s2566||||th 000 0 tha d
020    ^a9789740341383
060 04 ^aWY152.3^bว492ก
100 0  ^aวาสินี วิเศษฤทธิ์
245 10 ^aการดูแลแบบประคับประคอง :^bการออกแบบระบบบริการและการพัฒนาสมรรถนะพยาบาลวิชาชีพ /^cวาสินีวิเศษฤทธิ์
250    ^aพิมพ์ครั้งที่ 2
260    ^aกรุงเทพฯ :^bสำนักพิมพ์จุฬาลงกรณ์มหาวิทยาลัย,^c2566
300    ^aก-ฌ, 189 หน้า :^bภาพประกอบ ;^c26 ซม.
650  4 ^aการรักษาเพื่อบรรเทาอาการ
650  4 ^aผู้ป่วยระยะสุดท้าย^xการดูแล
650  4 ^aผู้ป่วยหนัก, การดูแล
945    ^p320^l0^i30141
945    ^p320^l0^i30142
999    ^aกัณชพร จุลอักษร
รายการนี้ยังไม่มีแท็ก
คุณยังไม่ได้ล็อกอิน คุณสามารถมีกิจกรรมร่วมกับเว็บไซต์ได้ แต่ต้องล็อกอินก่อน ::
  ล็อกอิน

รายการสื่อสารสนเทศ

ลำดับที่ ประเภท เลขเรียก/บาร์โค้ด สถานที่ สถานะ
1. หนังสือสำรอง
หนังสือสำรอง
WY152.3 ว492ก ฉ.1 
  Barcode: 30141
ห้องสมุดวิทยาเขตนครสวรรค์
►หนังสือทั่วไป:l:General Books
บนชั้น
2. วิทยาศาสตร์การแพทย์ และสุขภาพ
วิทยาศาสตร์การแพทย์ และสุขภาพ
WY152.3 ว492ก ฉ.2 
  Barcode: 30142
ห้องสมุดวิทยาเขตนครสวรรค์
►หนังสือทั่วไป:l:General Books
บนชั้น

รายการใกล้เคียง
    ผู้แต่ง [วาสินี วิเศษฤทธิ์]

    หัวเรื่อง [การรักษาเพื่อบรรเทาอาการ]
    หัวเรื่อง [ผู้ป่วยหนัก, การดูแล]

BibComment


ยังไม่เคยถูกคอมเมนท์

คอมเมนท์ทรัพยากรรายการนี้
  คอมเมนท์: การดูแลแบบประคับ..


 Copyright 2026. Bcnsprnw @Library